00547nam a2200133Ia 4500008004100000100002300041245009000064245005700154260004900211650001300260856004800273999001900321952007300340170221s9999 xx 000 0 und d aAnabila, Andrew A. aAnalysts’ activities and the timing of returns: implications for predicting returns cAndrew A. Anabila, University of Texas Pan American. bJournal of Management and Marketing Research xBusiness uhttp://www.aabri.com/manuscripts/131670.pdf c307431d307431 001040aCLbCLd2017-02-21l0r2017-02-21 00:00:00w2017-02-21yFOJ